000 00546nam a22002297a 4500
003 UA-OsUOA
001 41425
007 ta
008 20080725b un ||||| |||| 00| 0 ukr d
090 _a242
_bО-52
942 _cBK
040 _aUA-OsUOA
_bukr
_cUA-OsUOA
_dUA-OsUOA
245 _aОктоїх
300 _a195 с.
955 _a2
041 _aukr
080 _a242
260 _aВінніпег
_b"Еклезія"
_c1993
246 3 1 _aСвященна книга
650 7 _a2 Релігія. Теологія.
_2UDC
999 _c439925
_d439925